00857nam a2200265 i 4500003000900000005001700009008004100026020001500067040004300082082002300125100003200148245008700180250001600267264003300283300003800316336002200354337002400376338003300400500001100433546002000444650003100464650002900495651001000524856005700534EG-GICUC20260408215318.0260408s1985 -cno|||fr|||| 00| 0 eng d a0471060445 aEG-GiCUCbengcEG-GiCUCdEG-GiCUCerda04221a343.81bMA . P1 aMayhall, Pamela D.eAuthor.10aPolice-community Relations and the Administration of Justice /cPAMELA D. Mayhall. a3rd Edition 1aCansda :bJohn Wiley,c1985. a452 pages :bPhotographs;c24 cm. 2rda contentatext 2rda mediaaComputer 2rda carrieraOnline Resource aIndex  aText in English1 aPolice Scientifique2qrmak1 aDroit De Panél 2qrmak1 2qrmak40uhttps://fll.law.cu.edu.eg/fulltext/bks/B10-08641.pdf